| 000 | 00377nam a22001451a 4500 | ||
|---|---|---|---|
| 020 | _a9788176481380 | ||
| 082 |
_a370.1 _bNAM/O |
||
| 100 | _aNamita Roy Choudhuri | ||
| 245 |
_aOn philosophical perspectives of education/ _cby Namita Roy Choudhuri |
||
| 260 |
_aNew Delhi: _bA P H, _c1999. |
||
| 300 | _a156p. | ||
| 650 | _aEducation | ||
| 650 | _aSocial Sciences | ||
| 942 | _cBK | ||
| 999 |
_c32194 _d32194 |
||